01548ngm a2200361 a 450000500170000000800410001708200200005824500650007825000190014330000500016249000460021250502950025865000790055365000710063265000390070374000220074274000280076474000130079274000280080574000250083374000300085874000280088874000200091674000310093674000430096794200130101026400250102333600270104833700330107533800280110804000350113699900150117120220317001423.0161108s9999 ck m g 000 0 spa 04a791.430972bD3210a10 grandes películas del cine mexicanohvideodisco digital a1a. edición  a6 DVDbsonido, blanco y negro, digitalc12 cm aCine club películas para coleccionistas aDVD 1. Doña Bárbara -- DVD 2. Cuando los hijos se van -- DVD 3. Ansiedad. Rateros último modelo -- DVD 4. El último cuplé. Los hijos de don Venancio -- DVD 5. Ahí está el detalle. El siete leguas -- DVD 6. Allá en el rancho grande -- Las tristes aventuras de Pito Pérez142LEMBaPelículas cinematográficas vVideodiscos xColeccionesySiglo XX142LEMBaMéxico vVideodiscos xVida social y costumbres ySiglo XX142LEMBaCine mexicano vVideodiscos 02aDoña Bárbara 02aCuando los hijos se van02aAnsiedad02aRateros último modelo02aEl último cuplé 02aLos hijos de don Venancio02aAhí está el detalle02aEl siete leguas02aAllá en el rancho grande02a Las tristes aventuras de Pito Pérez 2ddccDVD aBogotábEjd Movies atextobtxt2rdacontent asin mediaciónbn2rdamedia avolumenbnc2rdacarrier aCO-BoRNBPbspaerdacCO-BoRNBP c6924d6924